Michael Jackson Beat it lyrics - Statistics

General Stats
  • This quiz has been taken 365 times
  • The average score is 241 of 328
Answer Stats
Lyrics % Correct
a
99%
be
98%
beat
97%
do
96%
it
96%
to
96%
you
95%
the
94%
just
93%
your
86%
don't
84%
no
83%
so
81%
wanna
80%
They
79%
and
75%
better
74%
can
74%
or
72%
one
71%
show
70%
what
70%
in
69%
man
69%
matter
68%
doesn't
67%
wants
67%
want's
67%
around
66%
here
66%
told
66%
see
65%
who's
65%
right
64%
come
63%
wrong
63%
defeated
62%
eyes
60%
face
59%
really
59%
them
58%
ever
57%
their
57%
fight
56%
run
56%
are
55%
is
55%
but
54%
bad
53%
clear
52%
fire's
52%
funky
52%
him
51%
strong
51%
tough
51%
how
50%
words
48%
blood
45%
you're
43%
it's
41%
dare
40%
not
40%
that
39%
truth
39%
disapear
38%
scared
38%
kick
36%
life
36%
this
34%
fair
33%
tell
33%
they'll
33%
boy
32%
with
32%
ain't
30%
have
30%
playin
30%
then
28%
leave
25%
showin
25%
while
25%
get
24%
stay
24%
alive
23%
they're
23%
out
21%
mucho
6%
No matching quizzes found
Score Distribution
Percent of People with Each Score
Percentile by Number Answered
Your Score History
You have not taken this quiz